| 000 | 00903nab a2200253uuc4500 | ||
|---|---|---|---|
| 001 | 1183457 | ||
| 005 | 20240202093601.0 | ||
| 008 | 091211e20091231 spa | ||
| 035 | _a1183457 | ||
| 035 | _a(OCoLC)820520174 | ||
| 040 | _ccomduadb | ||
| 041 | _aspa | ||
| 100 | 1 | 0 |
_aAlvarado, Juan _4aut _eaut _9563487 |
| 245 | 1 | 0 | _aFenomenología de la esterilización de alimentos líquidos enlatados |
| 650 |
_aEsterilización de alimentos _929066 |
||
| 650 |
_aEcuaciones Navier-Stokes _983472 |
||
| 650 |
_aModelación matemática _9153477 |
||
| 700 | 1 | 0 |
_aBotello, Enrique _4aut _eaut _9563488 |
| 700 | 1 | 0 |
_aJiménez, Hugo R. _4aut _eaut _9413943 |
| 700 | 1 | 0 |
_aBotello, Enrique _4aut _eaut _9563488 |
| 700 | 1 | 0 |
_aJiménez, Hugo R. _4aut _eaut _9413943 |
| 773 | 0 |
_tRevista Facultad de Ingeniería (Medellín) _gNúmero 50, Diciembre 2009, p. 87-98 _w120998 _x0120-6230 _067890 |
|
| 942 | _cARIMP | ||
| 999 |
_c533271 _d533271 |
||